000 00895nam a2200241 a 4500
001 31824
003 BD-RjUL
005 20211209051743.0
008 190327s1955 pk u 0 0 0eng
035 _a(BD-RjUL)31912
040 _aDLC
_cCarP
_dDLC
_dBD-RjUL
_beng
041 _aeng
043 _aa-pk---
082 _223
_a331.8809549
_bPAC 1955
110 1 _aPakistan.
_bMinistry of Labour.
_bDepartment of Central Labour Commissioner
_bLabour Bureau.
_9229746
245 1 0 _aClassified list of registered trade unions in Pakistan /
_cIssued by Pakistan. Ministry of Labour. Department of Central Labour Commissioner.Labour Bureau
260 _aKarachi:
_bManager of Publications,
_c[1955]
300 _a60 p. ;
_c25 cm.
500 _a" Cover title."
650 0 _aLabor unions
_zPakistan
_vDirectories.
_9229734
650 0 _aLabor laws and legislation
_zPakistan.
_9229735
942 _2ddc
_cRAR
999 _c31824
_d31824